00371nam a22001337a 4500003000900000005001700009007000300026008004100029040002500070082001500095245006500110260004200175300002000217DO-SdBNP20220127100300.0ta220127b2021 ||||| |||| 00| 0 spa d aDO-SdBNPbspacBNPHU axxxbF634d aEl diario vivir :bparte 1 un refrigerio para la consciencia aSanto Domingo :bSoto Castillo,c2021 a172 p. ;c24 cm